Catholic University of Zimbabwe Library
Online Public Access Catalogue
(OPAC)

Social factors in mental health and illness (Record no. 32166)

MARC details
000 -LEADER
fixed length control field 02778cam a2200421Ka 4500
001 - CONTROL NUMBER
control field ocn664148151
003 - CONTROL NUMBER IDENTIFIER
control field OCoLC
005 - DATE AND TIME OF LATEST TRANSACTION
control field 20210303085430.0
006 - FIXED-LENGTH DATA ELEMENTS--ADDITIONAL MATERIAL CHARACTERISTICS
fixed length control field m d
007 - PHYSICAL DESCRIPTION FIXED FIELD--GENERAL INFORMATION
fixed length control field cr un|||||||||
008 - FIXED-LENGTH DATA ELEMENTS--GENERAL INFORMATION
fixed length control field 100915s2000 ctua ob 000 0 eng d
020 ## - INTERNATIONAL STANDARD BOOK NUMBER
International Standard Book Number 9781849500586 (electronic bk.) :
Terms of availability £70.95 ; € 102.95 ; $131.95
020 ## - INTERNATIONAL STANDARD BOOK NUMBER
International Standard Book Number 1849500584 (electronic bk.) :
Terms of availability £70.95 ; € 102.95 ; $131.95
020 ## - INTERNATIONAL STANDARD BOOK NUMBER
Canceled/invalid ISBN 0762306718 (hbk.)
020 ## - INTERNATIONAL STANDARD BOOK NUMBER
Canceled/invalid ISBN 9780762306718 (hbk.)
040 ## - CATALOGING SOURCE
Original cataloging agency ZJC
Language of cataloging eng
Transcribing agency ZJC
Modifying agency ZJC
050 14 - LIBRARY OF CONGRESS CALL NUMBER
Classification number RA790.A1
Item number R48 v.11
072 #7 - SUBJECT CATEGORY CODE
Subject category code MBP
Source bicssc
072 #7 - SUBJECT CATEGORY CODE
Subject category code PSY007000
Source bisacsh
080 ## - UNIVERSAL DECIMAL CLASSIFICATION NUMBER
Universal Decimal Classification number 364.6
082 04 - DEWEY DECIMAL CLASSIFICATION NUMBER
Classification number 362.20420973
Edition number 21
245 00 - TITLE STATEMENT
Title Social factors in mental health and illness
Medium [electronic resource] /
Statement of responsibility, etc. edited by Joseph P. Morrissey.
260 ## - PUBLICATION, DISTRIBUTION, ETC.
Place of publication, distribution, etc. Stamford, Conn. :
Name of publisher, distributor, etc. JAI,
Date of publication, distribution, etc. c2000.
300 ## - PHYSICAL DESCRIPTION
Extent 1 online resource (viii, 203 p.) :
Other physical details ill.
490 1# - SERIES STATEMENT
Series statement Research in community and mental health,
International Standard Serial Number 0192-0812 ;
Volume/sequential designation v. 11
504 ## - BIBLIOGRAPHY, ETC. NOTE
Bibliography, etc. note Includes bibliographical references.
505 0# - FORMATTED CONTENTS NOTE
Formatted contents note Binding and nonbinding integration : the relational costs and rewards of social ties on mental health / Mitch Berbrier and Aileen Schulte -- Understanding depression care in the HMO outpatient setting : what predicts key events on the pathway to care / Diana Shye, Donald K. Freeborn, and John P. Mullooly -- Social relationships and psychiatric help-seeking / Anthony C. Kouzis, Daniel E. Ford, and William W. Eaton -- A review of empirical studies of interventions for families of persons with mental illness / David E. Biegel, Elizabeth A.R. Robinson, and Marilyn J. Kennedy -- The contingent rationality of housing preferences : homeless mentally ill persons' housing choices before and after housing experience / Russell K. Schutt and Stephen M. Goldfinger -- Race, role responsibility, and relationship : understanding the experience of caring for the severely mentally ill / Maxine Seaborn Thompson, Linda K. George, Marvin Swartz, Barbara J. Burns, Jeffery W. Swanson -- Strategies for evaluating public sector managed care using administrative data / Neil M. Thakur, Joseph P. Morrissey, William H. Sledge, Mark Schlesinger.
588 ## - SOURCE OF DESCRIPTION NOTE
Source of description note Description based on print version record.
650 #0 - SUBJECT ADDED ENTRY--TOPICAL TERM
Topical term or geographic name entry element Mental health
General subdivision Social aspects.
650 #0 - SUBJECT ADDED ENTRY--TOPICAL TERM
Topical term or geographic name entry element Mental illness
General subdivision Social aspects.
650 #7 - SUBJECT ADDED ENTRY--TOPICAL TERM
Topical term or geographic name entry element Health systems & services.
Source of heading or term bicssc
650 #7 - SUBJECT ADDED ENTRY--TOPICAL TERM
Topical term or geographic name entry element Psychology
General subdivision Clinical Psychology.
Source of heading or term bisacsh
700 1# - ADDED ENTRY--PERSONAL NAME
Personal name Morrissey, Joseph P.
776 08 - ADDITIONAL PHYSICAL FORM ENTRY
Relationship information Print version:
Title Social factors in mental health and illness.
Place, publisher, and date of publication Stamford, Conn. : JAI, c2000
International Standard Book Number 0762306718
Record control number (OCoLC)45225799
830 #0 - SERIES ADDED ENTRY--UNIFORM TITLE
Uniform title Research in community and mental health ;
Volume/sequential designation v. 11.
856 40 - ELECTRONIC LOCATION AND ACCESS
Uniform Resource Identifier <a href="https://www.emerald.com/insight/publication/doi/10.1016/S0192-0812(2000)11">https://www.emerald.com/insight/publication/doi/10.1016/S0192-0812(2000)11</a>
913 ## -
-- SSbacklist
Holdings
Withdrawn status Lost status Source of classification or shelving scheme Damaged status Not for loan Home library Current library Shelving location Date acquired Total Checkouts Full call number Date last seen Uniform Resource Identifier Price effective from Koha item type
          Digital Library Digital Library Online Access 03.03.2021   RA790.A1 R48 v.11 03.03.2021 https://www.emerald.com/insight/publication/doi/10.1016/S0192-0812(2000)11 03.03.2021 eBook

OPENING HOURS

Weekdays: 0815hrs - 1800hrs
Weekends:0900hrs - 1200hrs

Closed for Mass:

Mon, Thur: 1200hrs - 1300hrs
Sunday & Public Holiday’s

CALL SUPPORT

0242-570570, 0242-570169
09200664, +263 8644140602

LOCATION

18443, Cranborne Avenue, Hatfield, Harare

Other Links


©2021 | CUZ Library